Statistics for Beer Brewery Locations Quiz

Click here to take the quiz!

General Stats

  • This quiz has been taken 6,711 times
  • The average score is 9 of 20

Answer Stats

BeerCity% Correct
GuinnessDublin
86%
HeinekenAmsterdam
77%
Sam AdamsBoston
75%
CoorsGolden, CO
68%
NewcastleNewcastle
60%
BudweiserSt. Louis
59%
AsahiTokyo
59%
PabstMilwaukee
55%
CarlsbergCopenhagen
54%
RainierSeattle
50%
MolsonMontreal
43%
TooheysSydney
43%
BoddingtonsManchester
37%
Victoria BitterMelbourne
37%
Pilsner UrquellPilsen, Czech Republic
21%
Beck'sBremen, Germany
17%
New BelgiumFort Collins, CO
16%
DeschutesBend, Oregon
13%
Sierra NevadaChico, CA
12%
Bell'sKalamazoo, MI
12%

Score Distribution

Percentile by Number Answered

Percent of People with Each Score

Your Score History

You have not taken this quiz